000 00743cab a2200229 4500
001 ABS57486
008 090401t1997 xxu||||| |||| 00| 0 eng d
035 _a(Sirsi) u80201
041 _aeng
100 _aMcCarthy, M
245 _aFocus on the Act
260 _c1997
350 _a0
490 _aValuer (ISVA)
_v66(4) July/August 1997, 9(1)
520 _aReviews section 17 and the alienation provisions in new leases in the Landlord and Tenant (Covenants) Act 1995. Section 17 covers notices, in particular the six month rule.
650 _aALIENATION PROVISIONS
650 _aLANDLORD AND TENANT (COVENANTS) ACT 1995 S17
650 _aNOTICES
690 _aPROPERTY-LANDLORD AND TENANT
942 _n0
948 _c11/08/1997
999 _c50476
_d50476